000 00407 a2200157 4500
001 150785
040 _cEscola São Tomás de Aquino
100 _aGUIMARÃES, Alexandre
240 1 0 _aUm gole, uma palavra
_lpor
245 1 0 _aUm gole, uma palavra
300 _a45
362 0 _a2011
440 1 _aFTD
697 _aSistemas de escrita (alfabeto, Braille, abreviaturas, pontuação, etc.)
942 _cBK
999 _c150785
_d150785